| 000 | 00580cam a22001577a 4500 | ||
|---|---|---|---|
| 008 | 180718b1988 xxu||||| |||| 00| 0 eng d | ||
| 082 | _aX25x54 In2c | ||
| 100 | _aBery,Sunil | ||
| 245 |
_aNew construction techniques and materials _cEdited by Sunil Bery |
||
| 260 |
_aNew Delhi _bGovt. of India _c1988 |
||
| 300 | _a64p. | ||
| 650 | _aDams -- Materials -- India -- Congresses | ||
| 650 | _aDams -- Materials -- Congresses | ||
| 650 | _aDams -- India -- Design and construction -- Congresses | ||
| 650 | _aDams -- Design and construction -- Technological innovations -- Congresses | ||
| 999 |
_c414549 _d414549 |
||